Formula one drivers line-up 1999 - Statistics

General Stats
  • This quiz has been taken 85 times
  • The average score is 20 of 25
Answer Stats
Constructor Rounds Driver Nationality % Correct
McLaren All Mika Häkkinen Finland
98%
McLaren All David Coulthard UK
95%
Ferrari All Eddie Irvine UK
92%
Ferrari 1-8, 15-16 Michael Schumacher Germany
91%
BAR All Jacques Villeneuve Canada
89%
Williams All Ralf Schumacher Germany
89%
Benetton All Giancarlo Fisichella Italy
88%
Jordan All Heinz-Harald Frentzen Germany
88%
Benetton All Alexander Wurz Austria
86%
Ferrari 9-14 Mika Salo Finland
86%
BAR 3-5 Mika Salo Finland
86%
Stewart All Johnny Herbert UK
84%
Stewart All Rubens Barrichello Brazil
84%
Jordan All Damon Hill UK
81%
Prost All Jarno Trulli Italy
81%
Prost All Olivier Panis France
81%
Sauber All Jean Alesi France
78%
Arrows All Pedro de la Rosa Spain
77%
Sauber All Pedro Diniz Brazil
73%
Williams All Alessandro Zanardi Italy
70%
Minardi All Marc Gené Spain
66%
BAR 1-2, 6-16 Ricardo Zonta Brazil
64%
Arrows All Toranosuke Takagi Japan
61%
Minardi 1, 3-16 Luca Badoer Italy
58%
Minardi 2 Stéphane Sarrazin France
44%
No matching quizzes found
Score Distribution
Percent of People with Each Score
Percentile by Number Answered
Your Score History
You have not taken this quiz